Mocambique; (Record no. 195031)
[ view plain ]
| 000 -LEADER | |
|---|---|
| fixed length control field | 00721cam1a220022900 4500 |
| 001 - CONTROL NUMBER | |
| control field | lcf00096875 |
| 008 - FIXED-LENGTH DATA ELEMENTS--GENERAL INFORMATION | |
| fixed length control field | 790515s1965 po a b 000 0 por |
| 010 ## - LIBRARY OF CONGRESS CONTROL NUMBER | |
| LC control number | 75294873 //r85 |
| 035 ## - SYSTEM CONTROL NUMBER | |
| System control number | (Sirsi) r28700 |
| 035 ## - SYSTEM CONTROL NUMBER | |
| System control number | (DLC) 75294873 //r85 |
| 035 ## - SYSTEM CONTROL NUMBER | |
| System control number | (UPRA)lcf00096875 |
| 043 ## - GEOGRAPHIC AREA CODE | |
| Geographic area code | f-mz--- |
| 050 0# - LIBRARY OF CONGRESS CALL NUMBER | |
| Classification number | DT453 |
| Item number | .L58 |
| 110 2# - MAIN ENTRY--CORPORATE NAME | |
| Subordinate unit | Instituto Superior de Ci^encias Sociais e Politica Ultramarina. |
| Linkage | A92918.1 |
| 245 10 - TITLE STATEMENT | |
| Title | Mocambique; |
| Remainder of title | curso de extens~ao universitaria, ano lectivo de 1964-1965. |
| 260 ## - PUBLICATION, DISTRIBUTION, ETC. | |
| Place of publication, distribution, etc. | [Lisboa, |
| Date of publication, distribution, etc. | 1965] |
| 500 ## - GENERAL NOTE | |
| General note | Nineteen papers. |
| 504 ## - BIBLIOGRAPHY, ETC. NOTE | |
| Bibliography, etc. note | Includes bibliographies. |
| 651 #0 - SUBJECT ADDED ENTRY--GEOGRAPHIC NAME | |
| Geographic name | Mozambique. |
| Linkage | S4315.1 |
| 949 ## - LOCAL PROCESSING INFORMATION (OCLC) | |
| a | DT453 |
| w | lcc |
| i | -31109 |
| m | MAIN |
| t | BOOK |
| l | ON-SHELF |
No items available.